| 000 | 00495nam a2200193Ia 4500 | ||
|---|---|---|---|
| 008 | 210210b2015 xxu||||| |||| 00| 0 eng d | ||
| 020 | _a9789384588564 | ||
| 041 | _aeng | ||
| 082 | _a005.82 AMJC | ||
| 100 | _aAMJAD (M) | ||
| 245 | _aCryptography and network security | ||
| 260 |
_aNew Delhi _bI.K. International Pub. House Pvt. Ltd. _c2015 |
||
| 300 | _axvii,418 | ||
| 650 | _asecurity | ||
| 650 | _anetwork | ||
| 650 | _aCryptography | ||
| 690 | _aComputer Science | ||
| 906 | _a072850 | ||
| 999 |
_c122677 _d122677 |
||